000 01416nam a2200253Ia 4500
999 _c40863
_d40863
001 7507
003 GE_BSU
005 20200109162013.0
008 181216s||||||||xx |||||||||||||| ||und||
020 _a9789941220616
040 _cGE_BSU
041 _ageo
080 _a327(100) მ-27
100 _aმანველიძე, ირაკლი
_92014
245 _aსაერთაშორისო უსაფრთხოების სისტემის ევროპული განზომილება /
_cირაკლი მანველიძე ; რედ. ინეზა ზოიძე.
264 _aთბილისი :
_bუნივერსალი,
_c2013.
300 _a334 გვ.;
_b20 სმ.
504 _aბიბლიოგრ. ტექსტის შენიშვნ.
520 _aრეზ. ინგლ. და რუს.
653 _aსაერთაშორისო უსაფრთხოება
700 _aზოიძე, ინეზა
_eრედაქტორი
_92015
710 _aბათუმის შოთა რუსთაველის სახელმწ. უნ-ტი
_bსოციალურ მეცნ., ბიზნესისა და სამართალმცოდნ. ფაკ-ტი, სოციალურ მეცნ. დეპარტამენტი
_96051
942 _cBK
_2udc